Counties of England in Alphabetical order - Statistics

General Stats
  • This quiz has been taken 310 times
  • The average score is 40 of 48
Answer Stats
Hint Answer % Correct
D Devon
94%
C Cambridgeshire
93%
C Cornwall
92%
C Cumbria
92%
K Kent
92%
B Bedfordshire
90%
E East Sussex
90%
O Oxfordshire
90%
L Lancashire
89%
L Leicestershire
89%
L Lincolnshire
89%
B Buckinghamshire
88%
H Herefordshire
88%
B Berkshire
87%
D Derbyshire
87%
D Durham
87%
N Norfolk
87%
E Essex
86%
G Gloucestershire
86%
N Northumberland
86%
N North Yorkshire
86%
B Bristol
85%
C Cheshire
85%
D Dorset
85%
H Hertfordshire
85%
N Northamptonshire
85%
N Nottinghamshire
85%
S Somerset
85%
G Greater London
84%
W West Sussex
84%
G Greater Manchester
83%
H Hampshire
83%
M Merseyside
83%
S Suffolk
83%
W Worcestershire
83%
I Isle of Wight
82%
R Rutland
82%
S South Yorkshire
82%
W West Yorkshire
81%
S Shropshire
80%
W Warwickshire
80%
S Surrey
77%
S Staffordshire
75%
W Wiltshire
74%
T Tyne and Wear
73%
E East Riding of Yorkshire
72%
W West Midlands
72%
C City of London
63%
No matching quizzes found
Score Distribution
Percent of People with Each Score
Percentile by Number Answered
Your Score History
You have not taken this quiz